MARC детайли
| 000 -Лидер |
| Контролно поле с фиксирана дължина |
02284nam a2200397 c 4500 |
| 003 - Код на организацията, давaща контролен номер |
| Контролно поле |
BLK |
| 005 - Дата и час на последна редакция |
| Контролно поле |
20180420224128.0 |
| 008 - Елементи от данни с фиксирана дължина |
| fixed length control field |
180408b bul|||||r ||||||| ||bul|| |
| 010 ## - Наследен системен номер |
| LC control number |
KNG00079585000 |
| 020 ## - Международен стандартен номер на книга ISBN |
| Международен стандартен номер на книга ISBN |
978-954-9481-12-9 |
| -- |
издат.: Станпрес - на том(ч. 12) |
| 040 ## - Източник на каталожния запис |
| Идентификатор на билиотеката - собственик на записа |
BLK |
| 041 ## - Код за език |
| Код за езика на текст/звукозапис или на отделно заглавие |
Български |
| Код за езика КДБФ |
Български |
| 080 ## - УДК |
| Текстов определител УДК |
Провидение. Вяра в съдбата. Фатализъм. Предопределеност. Вж и 124;231 |
| УДК код - определител по УДК |
214 |
| УДК определител |
(02.062) |
| УДК - код + определител |
214(02.062) |
| 080 ## - УДК |
| Текстов определител УДК |
Други видове терапия. Биоенерготерапия. |
| УДК код - определител по УДК |
615.85 |
| УДК определител |
(02.062) |
| УДК - код + определител |
615.85(02.062) |
| 080 ## - УДК |
| Текстов определител УДК |
Парапсихология. Нумерология. - Халюцинации, пророчества, предсказания, магии, демонология, телепатия, спиритизъм, илюзии, нумерология, мошеничество. Вж и 133 ; 398.4 ; 615.851 |
| УДК код - определител по УДК |
159.961 |
| УДК определител |
(02.062) |
| УДК - код + определител |
159.961(02.062) |
| 100 1# - Редна дума - Автор |
| Автор |
Лазарев, Сергей Николаевич |
| Авторска отговорност |
първи автор |
| R(LIN) |
253646 |
| 139 ## - Редно поле |
| Редна дума |
Лазарев, Сергей Николаевич |
| Авторски знак |
Лаз - Л 14 |
| 245 10 - Сведения за заглавието |
| Заглавие |
Диагностика на кармата |
| Подзаглавни данни |
Ч. 1 - |
| Редно поле (дума) |
Сергей Николаевич Лазарев. |
| Том |
Ч. 12 |
| Заглавие на том |
Животът, като махване с крила на пеперуда |
| 257 ## - Страна на издаване |
| Страна на създаване/издаване |
Русия |
| 260 ## - Област на издателските данни |
| -- |
Бургас |
| Година на издаване |
2005 - |
| 300 ## - Физическа характеристика |
| Размери/Мащаб |
21 см |
| 380 ## - Жанр |
| Жанр |
Философия |
| 500 ## - Общи забележки |
| Забележка |
Ориг. загл. Диагностика кармы / С. Н. Лазарев. - Офс. изд. |
| 650 #4 - Допълнително описание по предмет – тема |
| Основно описание – тема или топоним |
Съдба |
| 9 (RLIN) |
172897 |
| 650 #4 - Допълнително описание по предмет – тема |
| Основно описание – тема или топоним |
Биоенерготерапия |
| 9 (RLIN) |
148661 |
| 650 #4 - Допълнително описание по предмет – тема |
| Основно описание – тема или топоним |
Парапсихология |
| 9 (RLIN) |
165687 |
| 653 ## - Ключова дума – ненормативна |
| Ключова дума |
съдба |
| 653 ## - Ключова дума – ненормативна |
| Ключова дума |
биоенерготерапия |
| 653 ## - Ключова дума – ненормативна |
| Ключова дума |
парапсихология |
| 760 1# - Описание на основната серия |
| -- |
- на том(ч. 12) |
| Редна дума на основното описание |
Лазарев, Сергей Николаевич |
| Място на издаване, издател и година |
Станпрес, 2007 |
| Страници - том |
176 с. |
| Забележка - том |
Ориг. загл. Жизнь как взмах крыльев бабочки. - На загл. с. означено кн. 12. |
| Заглавие |
Ч. 12 Животът, като махване с крила на пеперуда |
| 852 ## - Местоположение |
| Форматна сигнатура |
Цб 230733 |
| 856 4# - Електронен адрес и достъп |
| Електронен формат |
pdf - файл |
| Път до файла /url/ |
|
| 856 4# - Електронен адрес и достъп |
| Електронен формат |
pdf - файл |
| Път до файла /url/ |
|
| 942 ## - АРТИКУЛИ |
| Вид на библиотечния материал |
Книги |
| Скрит в OPAC |
Не |
| 944 ## - СЪЗДАВАНЕ И РЕДАКЦИЯ на ЗАПИСА |
| Създаване/Редакция |
Създаване |
| Дата на регистрацията/редакция |
22.11.2007 |
| Служител, извършил регистрацията/редакцията |
Людмила_Стоянова |
| 944 ## - СЪЗДАВАНЕ И РЕДАКЦИЯ на ЗАПИСА |
| Създаване/Редакция |
Редакция |
| Дата на регистрацията/редакция |
03.12.2007 |
| Служител, извършил регистрацията/редакцията |
|
| 999 ## - СИСТЕМНИ КОНТРОЛНИ НОМЕРА |
| Koha biblionumber |
75173 |
| Koha biblioitemnumber |
75173 |